000 00415nam a22001697a 4500
003 MPLRDC
005 20220104125657.0
008 210129b ||||| |||| 00| 0 eng d
082 _a539.1 ZLS
100 _a张乐水编辑
245 _a情歌和民谣
_c
260 _a
_b常春树书坊
_c1977
300 _b
490 _a中国人的书
650 _a民谣歌曲; 民俗音乐
942 _cBK
_o539.1 ZLS
999 _c29266
_d29256